Igauan
| Main Author: | |
|---|---|
| Format: | Book |
| Published: |
K.L :
Creative Enterprise ,
1994
|
| Subjects: |
MARC
| LEADER | 00000cam a2200000 7i4500 | ||
|---|---|---|---|
| 001 | 0000006603 | ||
| 002 | 000007123 | ||
| 005 | 20000330.0 | ||
| 020 | |a 9838931608 | ||
| 090 | 0 | 0 | |a F |b ROS |
| 100 | 0 | |a Rosli Muda Idrus | |
| 245 | 1 | 0 | |a Igauan |c Rosli Muda Idrus |
| 260 | |a K.L : |b Creative Enterprise , |c 1994 | ||
| 300 | |a 263p. ; |c 18cm. | ||
| 650 | 0 | 0 | |a Malay fiction |
| 999 | |a 038368 |b BUKU |c PINJAMAN |e PERPUSTAKAAN KOMUNITI PETALING JAYA | ||